ARRUPE JESUIT UNIVERSITY

CORONAVIRUS -STOP THE SPREAD - CLEAN,DISINFECT,COVER

Sent from the father (Record no. 119968)

MARC details
000 -LEADER
fixed length control field 00411nam a22001337a 4500
005 - DATE AND TIME OF LATEST TRANSACTION
control field 20140205170547.0
008 - FIXED-LENGTH DATA ELEMENTS--GENERAL INFORMATION
fixed length control field 140205b xxu||||| |||| 00| 0 eng d
050 ## - LIBRARY OF CONGRESS CALL NUMBER
Classification number BS2615.4
Item number C6413
100 ## - MAIN ENTRY--PERSONAL NAME
Personal name Comblin, Jose
9 (RLIN) 8056
245 ## - TITLE STATEMENT
Title Sent from the father
Remainder of title meditations on the fourth gospel
Statement of responsibility, etc Comblin, Jose
260 ## - PUBLICATION, DISTRIBUTION, ETC. (IMPRINT)
Place of publication, distribution, etc London
Name of publisher, distributor, etc Gill and Macmillan
Date of publication, distribution, etc 1979
300 ## - PHYSICAL DESCRIPTION
Extent viii, 115p.;
Dimensions 21cm.
942 ## - ADDED ENTRY ELEMENTS (KOHA)
Source of classification or shelving scheme Library of Congress Classification
Item type Monograph ( Printed materials)
Holdings
Withdrawn status Lost status Source of classification or shelving scheme Damaged status Not for loan Collection code Home library Current library Shelving location Date acquired Total Checkouts Full call number Barcode Date last seen Price effective from Koha item type
    Library of Congress Classification     Main Collection ARRUPE LIBRARY ARRUPE LIBRARY Main Collection 05/02/2014   BS2615.4 C6413 464123443 01/08/2016 05/02/2014 Monograph ( Printed materials)

 

Arrupe Library. PO Box MP320 Mt Pleasant, Harare, Zimbabwe
263 242 745411|librarian@aju.ac.zw